Normal view MARC view

Entry Personal Name

Number of records used in: 1

001 - CONTROL NUMBER

  • control field: 2054

003 - CONTROL NUMBER IDENTIFIER

  • control field: DLC

005 - DATE AND TIME OF LATEST TRANSACTION

  • control field: 20200227132618.0

008 - FIXED-LENGTH DATA ELEMENTS

  • fixed length control field: 800612n| azannaabn |a aaa

010 ## - LIBRARY OF CONGRESS CONTROL NUMBER

  • LC control number: n 50030967

035 ## - SYSTEM CONTROL NUMBER

  • System control number: (OCoLC)oca00066332

040 ## - CATALOGING SOURCE

  • Original cataloging agency: DLC
  • Language of cataloging: eng
  • Description conventions: rda
  • Transcribing agency: DLC
  • Modifying agency: DLC
  • Modifying agency: OCoLC
  • Modifying agency: InU
  • Modifying agency: DLC

046 ## - SPECIAL CODED DATES

  • Birth date: 19130716
  • Death date: 19980125

100 1# - HEADING--PERSONAL NAME

  • Personal name: Campbell-Johnson, Alan,
  • Dates associated with a name: 1913-1998

400 1# - SEE FROM TRACING--PERSONAL NAME

  • Personal name: Johnson, Alan Campbell-,
  • Dates associated with a name: 1913-1998

670 ## - SOURCE DATA FOUND

  • Source citation: His Growing opinions ... 1935.

670 ## - SOURCE DATA FOUND

  • Source citation: Wikipedia, 11 Dec. 2013
  • Information found: (Alan Campbell-Johnson; b. 16 July 1913; d. 25 Jan. 1998)

Powered by Koha